Datum a čas kvízu
29
Celkem bodů
Celkový počet nahraných bodů na tomto kvízu bez doplňovacích otázek.
5.
Pořadí na kvízu
Konečné umístění týmu na tomto kvízu.
Zaznamenané odpovědi
| # | Otázka | Odpověď | Body | Výsledky |
|---|---|---|---|---|
| 1. | Ministerstvo obrany minulý týd... | Leopard | 1 | |
| 2. | Společnost SpaceX provedla min... | C) banán | 0 | |
| 3. | 70letá herečka Pamela Hayden,... | Milhouse (Van Houten) | 1 | |
| 4. | Minulý týden jsme se dozvěděli... | D) aby zemřel | 1 | |
| 5. | Jak se jmenuje fotbalový trené... | Josep „Pep“ Guardiola | 0 | |
| 6. | Začneme ve Sluneční soustavě.... | Merkur | 1 | |
| 7. | Níže jsou tři měsíce Jupiteru... | D | 1 | |
| 8. | Třetí otázka se bude týkat sou... | Štír | 0 | |
| 9. | Nyní se podíváme na velmi vzdá... | Koňská hlava | 0 | |
| 10. | V poslední otázce se podíváme... | D) pulsar | 1 |